000 00469nam a2200181Ia 4500
005 20250326145225.0
008 250326s9999 xx 000 0 und d
037 _aTextbook
040 _aFMSL
_beng
_cFMSL
041 _aeng
_2eng
084 _aX.P1t4 Q0
_qFMSL
245 0 _aEconomic survey 2010-11
260 _aNew Delhi
_bNew Delhi, Oxford
_c2011
365 _b350
650 _aManagement
942 _cTB
_hX.P1t4 Q0
999 _c1306817
_d1306817